| 000 | | | 03595nmc2a22002413x 450 |
| 001 | | | c8bb0d46-5750-45b0-bc8d-d287cddb1dfd |
| 005 | | | 20230901042112.0 |
| 100 | ## | $a | 20230112l19021902k l0rusy0189 ca |
| 101 | 0# | $a | rus |
| 102 | ## | $a | RU |
| 105 | ## | $a | y### |
| 122 | 2# | $a | d |
| 200 | 1# | $a | Дело со сведениями об учебных заведениях Рижского учебного округа |
| | $j | 1902 г. |
| 215 | ## | $a | 50 л. |
| | $d | 36,5х26 см |
| 251 | ## | $c | Дело |
| 300 | ## | $a | [Для справочника "Учебные заведения Министерства народного просвещения"] |
| 371 | ## | $a | Документ не является опубликованным и широко распространяемым |
| 461 | #0 | $1 | 001a74412a3-3cc5-4d21-8f0a-dfe2fbd9e72d |
| | $1 | 2001 |
| | $a | Департамент народного просвещения Министерства народного просвещения (1803-1917) |
| | $1 | 251 |
| | $c | Фонд |
| | $1 | 852 |
| | $j | 733 |
| 462 | #0 | $1 | 001eee5cd01-9790-469a-9945-6bffddbc7761 |
| | $1 | 2001 |
| | $a | Разряд общих дел |
| | $1 | 251 |
| | $c | Опись |
| | $1 | 852 |
| | $j | 228 |
| 801 | #0 | $a | RU |
| | $b | РГИА |
| | $c | 20230112 |
| | $g | RCR |
| 801 | #1 | $a | RU |
| | $b | ГлавНИВЦ |
| | $c | 20230112 |
| | $2 | rusmarc |
| 801 | #2 | $a | RU |
| | $b | ПБ им. Б.Н. Ельцина |
| | $c | 20230901 |
| | $g | RCR |
| | $2 | rusmarc |
| 850 | ## | $a | РГИА |
| 852 | ## | $a | РГИА |
| | $e | Федеральное казенное учреждение "Российский государственный исторический архив" (РГИА) |
| | $j | 51 |
| 937 | ## | $h | РГИА |
| | $d | 12396482 |
| | $a | ASBIBLIO_SCAN |
| 035 | ## | $a | RusGRCC00059120 |
| 856 | ## | $u | http://readingroom.main.prlib.ru/item.aspx?id_node=n187314277&mode=full |